[Event "37. WGM March 8th"]
[Site "Belgrado SCG"]
[Date "2005.03.06"]
[Round "1.1"]
[White "Drljevic, Ljilja"]
[Black "Trujillo Delgado, Dafnae"]
[Result "1-0"]
[WhiteElo "2189"]
[BlackElo "2173"]
[PlyCount "61"]
[EventDate "2005.03.06"]
[EventType "tourn"]
[EventRounds "9"]
[Source "lmi"]
[SourceDate "2005.03.15"]

1. e4 c5 2. Ne2 d6 3. g3 g6 4. Bg2 Bg7 5. d3 e6 6. c3 Nc6 7. f4 Nge7 8. O-O O-O
9. Kh1 b6 10. g4 f5 11. Ng3 Qc7 12. a4 Rb8 13. Na3 a6 14. Be3 Kh8 15. Rc1 b5
16. axb5 axb5 17. b4 cxb4 18. cxb4 Bb2 19. Rc2 Bg7 20. gxf5 exf5 21. Qc1 Qd7
22. Qd2 Nd4 23. Bxd4 Bxd4 24. Rfc1 Qa7 25. Rc7 Qxa3 26. Rxe7 Bf6 27. Rec7 Be6
28. exf5 gxf5 29. Qe2 Bc4 30. R1xc4 bxc4 31. Rxh7+ 1-0

[Event "37. WGM March 8th"]
[Site "Belgrado SCG"]
[Date "2005.03.06"]
[Round "1.2"]
[White "Petrovic, Marija"]
[Black "Dimitrijevic, Aleksandra"]
[Result "0-1"]
[WhiteElo "2221"]
[BlackElo "2295"]
[PlyCount "150"]
[EventDate "2005.03.06"]
[EventType "tourn"]
[EventRounds "9"]
[Source "lmi"]
[SourceDate "2005.03.15"]

1. d4 d5 2. Nf3 Nf6 3. Bf4 g6 4. c3 Bg7 5. e3 O-O 6. h3 b6 7. Nbd2 Bb7 8. a4 c5
9. Ne5 Nc6 10. Nxc6 Bxc6 11. Bb5 Bb7 12. Be2 Nd7 13. Nf3 e5 14. dxe5 Qe7 15. a5
Nxe5 16. Bxe5 Bxe5 17. Qa4 d4 18. cxd4 cxd4 19. Nxe5 Qxe5 20. Qxd4 Qxd4 21.
exd4 Bxg2 22. Rh2 Bd5 23. axb6 axb6 24. Rxa8 Rxa8 25. Kd2 Kg7 26. h4 h5 27. Rh3
Kf6 28. Re3 Ra1 29. Bd1 Be6 30. Re5 Ra5 31. f4 Ra8 32. Rb5 Rd8 33. Ke3 Rd6 34.
Re5 Bc4 35. Bc2 Rd7 36. Be4 Ra7 37. Kd2 Ra1 38. d5 Rf1 39. Ke3 Rd1 40. Rg5 Rf1
41. Rg2 Ke7 42. Rc2 b5 43. Bf3 Kd6 44. Rd2 Re1+ 45. Kf2 Rf1+ 46. Kg2 Re1 47.
Kf2 Rf1+ 48. Kg3 Rg1+ 49. Kh2 Rf1 50. Kg2 Re1 51. Rd4 Rb1 52. Rd2 Re1 53. Rc2
Re3 54. Kf2 Rd3 55. f5 Bxd5 56. Be2 Rh3 57. fxg6 fxg6 58. Rd2 Rxh4 59. Bxb5
Rh2+ 60. Ke3 Rxd2 61. Kxd2 h4 62. Bf1 g5 63. Ke3 Kc5 64. Bh3 Kc4 65. Bg4 Kb3
66. Kd4 Bg2 67. Ke3 Kxb2 68. Kf2 Bd5 69. Kg1 Kc3 70. Kf2 Kd4 71. Bh3 Ke5 72.
Ke3 Be6 73. Bf1 g4 74. Kf2 Kf4 75. Be2 g3+ 0-1

[Event "37. WGM March 8th"]
[Site "Belgrado SCG"]
[Date "2005.03.06"]
[Round "1.3"]
[White "Rakic, Marija"]
[Black "Semenova, Irina"]
[Result "1-0"]
[WhiteElo "2044"]
[BlackElo "2303"]
[PlyCount "89"]
[EventDate "2005.03.06"]
[EventType "tourn"]
[EventRounds "9"]
[Source "lmi"]
[SourceDate "2005.03.15"]

1. d4 Nf6 2. c4 g6 3. Nc3 Bg7 4. e4 d6 5. Nf3 O-O 6. Be2 e5 7. O-O Nc6 8. d5
Ne7 9. Ne1 Ne8 10. g4 f5 11. g5 f4 12. Bg4 Kh8 13. h4 Ng8 14. Kg2 Rf7 15. Qf3
Bf8 16. Qh3 Ng7 17. Nf3 Be7 18. c5 h6 19. Rh1 Nh5 20. Bxc8 Rxc8 21. Qg4 Qe8 22.
b4 a6 23. Bb2 Bf8 24. Ne2 Rb8 25. a4 Qd7 26. Qxd7 Rxd7 27. Nc1 Kh7 28. Nd3 Rdd8
29. Rhc1 Ng7 30. b5 Ne7 31. b6 cxb6 32. cxd6 Nc8 33. Bxe5 Bxd6 34. Bxf4 Bxf4
35. Nxf4 Rf8 36. Ne6 Nxe6 37. dxe6 Re8 38. Rc7+ Kg8 39. Rac1 Nd6 40. e5 Nf5 41.
gxh6 Nxh6 42. Ng5 Nf5 43. Nh7 Re7 44. Rxe7 Nxe7 45. Nf6+ 1-0

[Event "37. WGM March 8th"]
[Site "Belgrado SCG"]
[Date "2005.03.06"]
[Round "1.4"]
[White "Chelushkina, Irina"]
[Black "Petrenko, Svetlana"]
[Result "1/2-1/2"]
[WhiteElo "2369"]
[BlackElo "2364"]
[PlyCount "100"]
[EventDate "2005.03.06"]
[EventType "tourn"]
[EventRounds "9"]
[Source "lmi"]
[SourceDate "2005.03.15"]

1. g3 d5 2. d4 g6 3. Bg2 Bg7 4. Nf3 Nf6 5. O-O O-O 6. c4 c6 7. Nc3 dxc4 8. a4
Nd5 9. a5 Nxc3 10. bxc3 c5 11. Ba3 Nc6 12. Bxc5 Nxa5 13. Nd2 Bd7 14. Qb1 b6 15.
Bxa8 bxc5 16. Bg2 cxd4 17. Qb4 dxc3 18. Rxa5 cxd2 19. Qxd2 c3 20. Qa2 Be6 21.
Bd5 Bxd5 22. Rxd5 Qc7 23. Rc1 Rb8 24. Qa4 Ra8 25. Ra5 Qb6 26. Rb5 Qd4 27. Qb3
Rd8 28. Rb8 Be5 29. Rxd8+ Qxd8 30. Qa4 Qb6 31. e3 Qb2 32. Rc2 Qb1+ 33. Kg2 Qb7+
34. f3 f5 35. Qc4+ Kg7 36. e4 Bf6 37. Re2 fxe4 38. Rxe4 a5 39. g4 h6 40. h4
Qb2+ 41. Re2 Qb4 42. Re4 Qd6 43. h5 g5 44. Re2 Qd1 45. Qe4 Kf8 46. Ra2 Bd4 47.
Qf5+ Ke8 48. Qc8+ Kf7 49. Qf5+ Ke8 50. Qc8+ Kf7 1/2-1/2

[Event "37. WGM March 8th"]
[Site "Belgrado SCG"]
[Date "2005.03.06"]
[Round "1.5"]
[White "Stojanovic, Marija"]
[Black "Olarasu, Gabriela"]
[Result "0-1"]
[WhiteElo "2182"]
[BlackElo "2327"]
[PlyCount "84"]
[EventDate "2005.03.06"]
[EventType "tourn"]
[EventRounds "9"]
[Source "lmi"]
[SourceDate "2005.03.15"]

1. e4 e5 2. Nf3 Nc6 3. Bb5 Nf6 4. d3 d6 5. c3 Be7 6. Nbd2 O-O 7. O-O Bd7 8. Re1
a6 9. Ba4 b5 10. Bc2 Re8 11. Nf1 Bf8 12. Ne3 g6 13. a4 Bg7 14. h3 Qb8 15. Bd2
Nd8 16. axb5 axb5 17. Rxa8 Qxa8 18. Qa1 Qb7 19. Qa2 Ne6 20. Ng4 Ra8 21. Qb1
Nxg4 22. hxg4 c5 23. b4 c4 24. dxc4 bxc4 25. Rd1 Nf4 26. Nh2 Bc6 27. Nf3 Re8
28. Re1 Qd7 29. Nh2 Rd8 30. Be3 d5 31. Bxf4 exf4 32. exd5 Qxd5 33. Be4 Qb5 34.
Bxc6 Qxc6 35. Qc1 Qf6 36. Rd1 Rxd1+ 37. Qxd1 Qxc3 38. Qd8+ Bf8 39. b5 Qe1+ 40.
Nf1 c3 41. Qd3 Bc5 42. Qc2 Qe5 0-1

[Event "37. WGM March 8th"]
[Site "Belgrado SCG"]
[Date "2005.03.07"]
[Round "2.1"]
[White "Trujillo Delgado, Dafnae"]
[Black "Olarasu, Gabriela"]
[Result "0-1"]
[WhiteElo "2173"]
[BlackElo "2327"]
[PlyCount "84"]
[EventDate "2005.03.06"]
[EventType "tourn"]
[EventRounds "9"]
[Source "lmi"]
[SourceDate "2005.03.15"]

1. e4 e5 2. Nf3 Nc6 3. Bb5 a6 4. Ba4 Nf6 5. d3 d6 6. c3 g6 7. O-O Bg7 8. Nbd2
O-O 9. Re1 Nd7 10. Nf1 Nc5 11. Bc2 Ne6 12. h3 Kh8 13. Ng3 d5 14. exd5 Qxd5 15.
Bb3 Qd8 16. Bxe6 Bxe6 17. Ng5 Bc8 18. Qb3 Kg8 19. Qd1 h6 20. N5e4 f5 21. Nc5
Qd5 22. Qb3 Rd8 23. Rd1 b6 24. Qxd5+ Rxd5 25. Nb3 a5 26. d4 a4 27. Nd2 exd4 28.
Nf3 d3 29. Ne2 g5 30. Be3 f4 31. Ned4 Ne7 32. Bd2 c5 33. Nb5 Rd7 34. Rab1 Bb7
35. Re1 Bd5 36. b3 axb3 37. axb3 Ra2 38. Ra1 Bxb3 39. Rxa2 Bxa2 40. Ra1 Bd5 41.
Ra6 Bxf3 42. gxf3 Nf5 0-1

[Event "37. WGM March 8th"]
[Site "Belgrado SCG"]
[Date "2005.03.07"]
[Round "2.2"]
[White "Petrenko, Svetlana"]
[Black "Stojanovic, Marija"]
[Result "1-0"]
[WhiteElo "2364"]
[BlackElo "2182"]
[PlyCount "95"]
[EventDate "2005.03.06"]
[EventType "tourn"]
[EventRounds "9"]
[Source "lmi"]
[SourceDate "2005.03.15"]

1. e4 c5 2. Nf3 d6 3. d4 cxd4 4. Qxd4 Nc6 5. Bb5 Bd7 6. Bxc6 Bxc6 7. c4 Nf6 8.
Nc3 g6 9. O-O Bg7 10. Bg5 O-O 11. Qd3 Rc8 12. Rac1 a6 13. Rfe1 Nd7 14. b4 Ne5
15. Nxe5 Bxe5 16. Nd5 Bxd5 17. exd5 b6 18. c5 bxc5 19. bxc5 Rxc5 20. Rxc5 dxc5
21. Rxe5 f6 22. Re6 fxg5 23. Qc4 Rf7 24. Rxa6 Qb8 25. g3 Qe5 26. Re6 Qf5 27.
Re2 Qb1+ 28. Kg2 Qd1 29. a4 g4 30. a5 Qa1 31. Qxc5 Qf6 32. Qc8+ Kg7 33. Qxg4
Qc3 34. a6 Qa3 35. Qe6 Qf3+ 36. Kg1 Qa3 37. f4 Qc5+ 38. Kg2 Qa3 39. Qe5+ Kg8
40. Qe6 Kg7 41. h4 Qa4 42. Qe5+ Kg8 43. Qb8+ Rf8 44. a7 Qa6 45. Kf2 Qa5 46.
a8=Q Qxa8 47. Qxa8 Rxa8 48. Rxe7 1-0

[Event "37. WGM March 8th"]
[Site "Belgrado SCG"]
[Date "2005.03.07"]
[Round "2.3"]
[White "Semenova, Irina"]
[Black "Chelushkina, Irina"]
[Result "1-0"]
[WhiteElo "2303"]
[BlackElo "2369"]
[PlyCount "55"]
[EventDate "2005.03.06"]
[EventType "tourn"]
[EventRounds "9"]
[Source "lmi"]
[SourceDate "2005.03.15"]

1. e4 c5 2. Nf3 Nc6 3. d4 cxd4 4. Nxd4 Nf6 5. Nc3 d6 6. Bg5 e5 7. Ndb5 a6 8.
Na3 b5 9. Nd5 Be7 10. Bxf6 Bxf6 11. c3 O-O 12. Nc2 Bg5 13. a4 bxa4 14. Rxa4 Kh8
15. b4 f5 16. h4 Bh6 17. exf5 Bxf5 18. Rxa6 Rxa6 19. Bxa6 Ne7 20. Nce3 Be4 21.
f3 Bxd5 22. Nxd5 e4 23. Be2 Nf5 24. Rh3 Nxh4 25. Qd4 Qg5 26. Qxe4 Qd2+ 27. Kf2
Nf5 28. g4 1-0

[Event "37. WGM March 8th"]
[Site "Belgrado SCG"]
[Date "2005.03.07"]
[Round "2.4"]
[White "Dimitrijevic, Aleksandra"]
[Black "Rakic, Marija"]
[Result "1-0"]
[WhiteElo "2295"]
[BlackElo "2044"]
[PlyCount "109"]
[EventDate "2005.03.06"]
[EventType "tourn"]
[EventRounds "9"]
[Source "lmi"]
[SourceDate "2005.03.15"]

1. c4 Nf6 2. Nc3 c5 3. Nf3 b6 4. e3 e6 5. d4 d6 6. Bd3 Nbd7 7. O-O Be7 8. b3
O-O 9. Bb2 a6 10. Qe2 Qc7 11. Rac1 Bb7 12. Nd2 Rfe8 13. f4 d5 14. Nf3 cxd4 15.
Nxd4 dxc4 16. Bxc4 Bc5 17. Na4 Bxd4 18. Bxd4 Qd8 19. Rfd1 Nd5 20. Bxd5 exd5 21.
Qg4 f6 22. Rc3 b5 23. Nc5 Nxc5 24. Rxc5 Rc8 25. Rdc1 Rxc5 26. Rxc5 Qe7 27. h3
Qf7 28. Qf5 Rd8 29. Qc2 Qe6 30. f5 Qe8 31. g4 Rc8 32. Kf2 Qd7 33. Qc3 Kf7 34.
Qa5 Rc6 35. a4 bxa4 36. Qxa4 g6 37. fxg6+ hxg6 38. b4 Qc8 39. Qa1 Rxc5 40. bxc5
Qe6 41. Qa5 Qd7 42. Qb6 Bc6 43. Qxa6 Qc7 44. Kg2 Qb7 45. Qb6 Qc8 46. Kg3 f5 47.
g5 f4+ 48. exf4 Qf5 49. Qxc6 Qd3+ 50. Kh4 Qxd4 51. Qf6+ Qxf6 52. gxf6 Kxf6 53.
Kg4 Ke6 54. Kf3 d4 55. Ke4 1-0

[Event "37. WGM March 8th"]
[Site "Belgrado SCG"]
[Date "2005.03.07"]
[Round "2.5"]
[White "Drljevic, Ljilja"]
[Black "Petrovic, Marija"]
[Result "1-0"]
[WhiteElo "2189"]
[BlackElo "2221"]
[PlyCount "75"]
[EventDate "2005.03.06"]
[EventType "tourn"]
[EventRounds "9"]
[Source "lmi"]
[SourceDate "2005.03.15"]

1. e4 c6 2. d3 d5 3. Nd2 e5 4. Ngf3 Bd6 5. Qe2 Qe7 6. g3 Nf6 7. Bg2 dxe4 8.
Nxe4 Nxe4 9. dxe4 Bg4 10. h3 Bh5 11. O-O Nd7 12. a4 a5 13. Be3 Bc5 14. Rfe1 f6
15. c3 O-O 16. b4 axb4 17. Bxc5 Nxc5 18. cxb4 Nxa4 19. b5 Bf7 20. bxc6 bxc6 21.
Rac1 c5 22. Nh4 g6 23. Qe3 c4 24. Bf1 Rfc8 25. Ng2 c3 26. Qf3 Kg7 27. h4 Be6
28. h5 Rc5 29. Ne3 Nb6 30. Nd1 c2 31. Ne3 Rac8 32. Re2 Nc4 33. Rcxc2 Nxe3 34.
Rxc5 Rxc5 35. Rxe3 Rc1 36. Rd3 Qb7 37. Kg2 Qb1 38. Rd6 1-0

[Event "37. WGM March 8th"]
[Site "Belgrado SCG"]
[Date "2005.03.08"]
[Round "3.1"]
[White "Petrovic, Marija"]
[Black "Trujillo Delgado, Dafnae"]
[Result "1-0"]
[WhiteElo "2221"]
[BlackElo "2173"]
[PlyCount "107"]
[EventDate "2005.03.06"]
[EventType "tourn"]
[EventRounds "9"]
[Source "lmi"]
[SourceDate "2005.03.15"]

1. d4 g6 2. Nf3 Bg7 3. c3 b6 4. Bf4 Bb7 5. Nbd2 Nf6 6. Qc2 d5 7. e3 O-O 8. Be2
c5 9. Ne5 Nc6 10. h4 Rc8 11. h5 cxd4 12. Nxc6 Rxc6 13. exd4 Qc8 14. Qd3 Re6 15.
O-O-O Ne4 16. Nxe4 Rxe4 17. Be3 e5 18. dxe5 Bxe5 19. hxg6 hxg6 20. Kb1 Ra4 21.
Bf3 Rd8 22. Qc2 Ra5 23. Bd4 Re8 24. b4 Ra3 25. Kb2 Ra6 26. Be2 b5 27. Bxb5 Bc6
28. Bxa6 Qxa6 29. Rde1 Bxd4 30. Rxe8+ Bxe8 31. cxd4 Ba4 32. Qd2 Qb5 33. Rc1 Qb7
34. Rc5 Kg7 35. a3 Qd7 36. Qf4 Kg8 37. Qb8+ Kh7 38. Qe5 Qg4 39. Rc7 Be8 40. Rc3
Qxg2 41. Qxe8 Qxf2+ 42. Kb3 Qf1 43. b5 Qd1+ 44. Rc2 Qd3+ 45. Kb2 Qxd4+ 46. Ka2
Qf4 47. Qe2 Kg7 48. Rd2 Qe4 49. Qd3 g5 50. Qxd5 Qxd5+ 51. Rxd5 Kf6 52. a4 g4
53. a5 Ke6 54. Rd1 1-0

[Event "37. WGM March 8th"]
[Site "Belgrado SCG"]
[Date "2005.03.08"]
[Round "3.2"]
[White "Rakic, Marija"]
[Black "Drljevic, Ljilja"]
[Result "1/2-1/2"]
[WhiteElo "2044"]
[BlackElo "2189"]
[PlyCount "144"]
[EventDate "2005.03.06"]
[EventType "tourn"]
[EventRounds "9"]
[Source "lmi"]
[SourceDate "2005.03.15"]

1. d4 d5 2. c4 c6 3. Nc3 Nf6 4. Nf3 dxc4 5. a4 Bf5 6. e3 e6 7. Bxc4 Nbd7 8. O-O
Be7 9. Qe2 O-O 10. e4 Bg6 11. Rd1 Rc8 12. Bf4 Qa5 13. d5 cxd5 14. exd5 Qb4 15.
d6 Bd8 16. Nd2 Qxb2 17. Nb5 Bb6 18. Be3 Bxe3 19. Qxe3 a6 20. Nc7 Ng4 21. Qe2
Nge5 22. Nf3 Qxe2 23. Bxe2 Rfd8 24. Nxe5 Nxe5 25. f4 Nc6 26. Bf3 a5 27. Rac1
Nb4 28. Bxb7 Rb8 29. Bc6 Nd3 30. Rc3 Rxd6 31. Bb5 Rbd8 32. Bxd3 Kf8 33. Nb5
Rxd3 34. Rdxd3 Bxd3 35. Nc7 Ke7 36. Kf2 Be4 37. Nb5 f5 38. g3 Rd2+ 39. Ke3 Ra2
40. Rc7+ Kf6 41. Nd6 Ra3+ 42. Kd4 Rd3+ 43. Kc5 Rc3+ 44. Kb6 Rxc7 45. Ne8+ Ke7
46. Nxc7 h6 47. Kxa5 g5 48. Kb4 Kf6 49. a5 e5 50. Kc3 exf4 51. gxf4 Ke7 52. Kd4
Kd6 53. Nb5+ Kc6 54. Nc3 Bc2 55. Ke5 gxf4 56. Ne2 Kc5 57. Kxf4 Kb4 58. Nd4 Bd3
59. Nc6+ Kb5 60. Ne5 Be4 61. Nf7 h5 62. Nd6+ Kxa5 63. Nxe4 fxe4 64. Kxe4 h4 65.
Kf4 h3 66. Kg4 Kb6 67. Kxh3 Kc7 68. Kh4 Kd8 69. Kh5 Ke8 70. Kh6 Kf8 71. Kh7 Kf7
72. h4 Kf8 1/2-1/2

[Event "37. WGM March 8th"]
[Site "Belgrado SCG"]
[Date "2005.03.08"]
[Round "3.4"]
[White "Stojanovic, Marija"]
[Black "Semenova, Irina"]
[Result "1/2-1/2"]
[WhiteElo "2182"]
[BlackElo "2303"]
[PlyCount "95"]
[EventDate "2005.03.06"]
[EventType "tourn"]
[EventRounds "9"]
[Source "lmi"]
[SourceDate "2005.03.15"]

1. e4 e5 2. Nf3 Nc6 3. Bb5 a6 4. Bxc6 dxc6 5. d4 exd4 6. Qxd4 Qxd4 7. Nxd4 Bd7
8. Be3 O-O-O 9. Nd2 Ne7 10. Nc4 c5 11. Ne2 Nc6 12. O-O-O Be6 13. Rxd8+ Nxd8 14.
Nd2 f6 15. Nf4 Bf7 16. c4 Bd6 17. Nd3 b6 18. Bf4 Be7 19. Bg3 Nc6 20. Nf4 Nd4
21. Re1 Re8 22. Nd5 Bd8 23. f3 Kb7 24. b3 c6 25. Ne3 g6 26. Nc2 h5 27. h4 Ne6
28. Ne3 Be7 29. Ndf1 Rd8 30. Rd1 Nd4 31. Kb1 Kc8 32. Nc2 Ne6 33. Rxd8+ Kxd8 34.
Nfe3 Bf8 35. Kc1 Bh6 36. Kd1 Kd7 37. Be1 Nd4 38. Bc3 Nxc2 39. Nxc2 Ke7 40. Bd2
Bf8 41. Be3 Kd7 42. Kd2 Bd6 43. f4 Be6 44. Ne1 Bc7 45. Nd3 Ke7 46. a4 a5 47.
Kc3 Kd7 48. Kd2 1/2-1/2

[Event "37. WGM March 8th"]
[Site "Belgrado SCG"]
[Date "2005.03.09"]
[Round "4.1"]
[White "Trujillo Delgado, Dafnae"]
[Black "Petrenko, Svetlana"]
[Result "0-1"]
[WhiteElo "2173"]
[BlackElo "2364"]
[PlyCount "116"]
[EventDate "2005.03.06"]
[EventType "tourn"]
[EventRounds "9"]
[Source "lmi"]
[SourceDate "2005.03.15"]

1. e4 c5 2. Nf3 d6 3. d4 cxd4 4. Nxd4 Nf6 5. Nc3 a6 6. Be2 e6 7. O-O Qc7 8. a4
b6 9. f4 Bb7 10. Bf3 Nc6 11. Be3 Be7 12. g4 Na5 13. g5 Nd7 14. f5 e5 15. Nb3
Nc4 16. Bc1 b5 17. axb5 axb5 18. Rxa8+ Bxa8 19. Kh1 Bc6 20. Nd5 Qb7 21. Nxe7
Kxe7 22. Qe2 d5 23. Nd4 dxe4 24. Nxc6+ Qxc6 25. Bxe4 Qc5 26. Bg2 Nd6 27. Be3
Qc4 28. Qf3 f6 29. Qg3 Rc8 30. c3 Qd3 31. gxf6+ gxf6 32. Qg7+ Nf7 33. Bc1 b4
34. cxb4 Rc2 35. b5 Nb6 36. Qg3 Qxg3 37. hxg3 Nd6 38. Kg1 Nxb5 39. Be4 Rc8 40.
Bd2 Nd6 41. Bb1 Nbc4 42. Bc3 Ne3 43. Rf2 Nd1 44. Rh2 Nxc3 45. Rxh7+ Nf7 46.
bxc3 Rxc3 47. Kf2 Kf8 48. Rh4 Rb3 49. Rh1 Ng5 50. Rc1 Ke7 51. Bc2 Rf3+ 52. Ke2
Rxg3 53. Ba4 Ra3 54. Bb5 Nf3 55. Rc7+ Kd6 56. Rc6+ Kd5 57. Rxf6 Nd4+ 58. Kf2
Nxb5 0-1

[Event "37. WGM March 8th"]
[Site "Belgrado SCG"]
[Date "2005.03.09"]
[Round "4.3"]
[White "Dimitrijevic, Aleksandra"]
[Black "Stojanovic, Marija"]
[Result "1-0"]
[WhiteElo "2295"]
[BlackElo "2182"]
[PlyCount "71"]
[EventDate "2005.03.06"]
[EventType "tourn"]
[EventRounds "9"]
[Source "lmi"]
[SourceDate "2005.03.15"]

1. Nf3 c5 2. e4 e6 3. b3 Nc6 4. Bb2 d6 5. g3 Nf6 6. Nc3 Be7 7. Bg2 O-O 8. O-O
Bd7 9. d4 cxd4 10. Nxd4 a6 11. Qd2 Qc7 12. Rad1 Nxd4 13. Qxd4 Rac8 14. Rfe1
Rfd8 15. Rd2 Ne8 16. Re3 Bf6 17. Qd3 b5 18. a3 Qc5 19. Qe2 a5 20. e5 Bxe5 21.
Ne4 Qc7 22. Bxe5 dxe5 23. Rc3 Qa7 24. Rcd3 Rc7 25. Qd1 Kf8 26. b4 axb4 27. axb4
Ke7 28. Qh5 Nf6 29. Qxe5 Nxe4 30. Bxe4 g6 31. Qg5+ Ke8 32. Qf6 Rdc8 33. Rf3 Bc6
34. Bxc6+ Rxc6 35. Qh8+ Ke7 36. Rxf7+ 1-0

[Event "37. WGM March 8th"]
[Site "Belgrado SCG"]
[Date "2005.03.09"]
[Round "4.4"]
[White "Drljevic, Ljilja"]
[Black "Chelushkina, Irina"]
[Result "0-1"]
[WhiteElo "2189"]
[BlackElo "2369"]
[PlyCount "124"]
[EventDate "2005.03.06"]
[EventType "tourn"]
[EventRounds "9"]
[Source "lmi"]
[SourceDate "2005.03.15"]

1. e4 c5 2. g3 d5 3. Bg2 dxe4 4. Nc3 Nc6 5. Nxe4 e5 6. d3 Be7 7. Be3 Nf6 8.
Nxf6+ Bxf6 9. c3 Be7 10. Ne2 O-O 11. O-O Bg4 12. Qd2 Qd7 13. Nc1 Rad8 14. Nb3
b6 15. f4 Qc8 16. Qc2 exf4 17. Rxf4 Ne5 18. d4 Nc4 19. Qe4 Nxe3 20. Qxe7 Nxg2
21. Kxg2 Rde8 22. Qg5 Bh3+ 23. Kg1 Re2 24. Rf2 Qe6 25. Rxe2 Qxe2 26. Qd2 Re8
27. dxc5 bxc5 28. Qxe2 Rxe2 29. Rd1 g5 30. Rd2 Re5 31. Kf2 Kg7 32. Na5 Be6 33.
b4 cxb4 34. cxb4 Bd5 35. a3 Kf6 36. Rd3 Ke6 37. Nb3 Rf5+ 38. Ke1 Bxb3 39. Rxb3
Kd5 40. Rc3 Kd4 41. Rc7 a6 42. Kd2 h5 43. h3 g4 44. hxg4 hxg4 45. Rc6 Rf3 46.
Rxa6 f5 47. Ra5 Ke4 48. Ra8 Rxg3 49. b5 Rg2+ 50. Ke1 Rb2 51. a4 g3 52. Rg8 f4
53. Rg5 Ra2 54. b6 Rxa4 55. Rb5 f3 56. b7 f2+ 57. Kd2 f1=Q 58. b8=Q Qd3+ 59.
Kc1 Qc3+ 60. Kd1 Ra1+ 61. Rb1 Qd3+ 62. Kc1 Rxb1+ 0-1

[Event "37. WGM March 8th"]
[Site "Belgrado SCG"]
[Date "2005.03.09"]
[Round "4.5"]
[White "Petrovic, Marija"]
[Black "Rakic, Marija"]
[Result "1-0"]
[WhiteElo "2221"]
[BlackElo "2044"]
[PlyCount "75"]
[EventDate "2005.03.06"]
[EventType "tourn"]
[EventRounds "9"]
[Source "lmi"]
[SourceDate "2005.03.15"]

1. d4 Nf6 2. Nf3 e6 3. e3 c5 4. Bd3 cxd4 5. exd4 b6 6. O-O Bb7 7. Bf4 Be7 8. c3
O-O 9. a4 Nd5 10. Bd2 f5 11. Re1 Kh8 12. c4 Nf6 13. Nc3 Na6 14. h3 Nb4 15. Bb1
Qc7 16. b3 Rae8 17. Ne5 Nc6 18. Nb5 Qc8 19. Bf4 a6 20. Nc7 Rd8 21. Nxc6 Bxc6
22. d5 Bb4 23. dxc6 Bxe1 24. Qxe1 Ne4 25. Bxe4 fxe4 26. cxd7 Rxd7 27. Qxe4 Rxf4
28. Qxf4 Rxc7 29. Rd1 h6 30. Rd6 Rc6 31. Rd3 Qe8 32. Qd2 Rc8 33. Rd7 e5 34. Qd3
Rb8 35. Qd6 b5 36. axb5 axb5 37. c5 Ra8 38. c6 1-0

[Event "37. WGM March 8th"]
[Site "Belgrado SCG"]
[Date "2005.03.10"]
[Round "5.1"]
[White "Rakic, Marija"]
[Black "Trujillo Delgado, Dafnae"]
[Result "0-1"]
[WhiteElo "2044"]
[BlackElo "2173"]
[PlyCount "121"]
[EventDate "2005.03.06"]
[EventType "tourn"]
[EventRounds "9"]
[Source "lmi"]
[SourceDate "2005.03.15"]

1. d4 g6 2. c4 c5 3. d5 b5 4. cxb5 a6 5. b6 Qxb6 6. e4 Bg7 7. Qc2 Nf6 8. Nc3 d6
9. Nf3 O-O 10. Nd2 Nbd7 11. Nc4 Qc7 12. Bf4 Rb8 13. Be2 Nb6 14. Ne3 Nfd7 15.
O-O Ne5 16. Bg3 Ned7 17. Rad1 Bd4 18. Bf4 Nf6 19. h3 Nbd7 20. Bh6 Re8 21. Nc4
Ne5 22. Nd2 c4 23. Kh1 Ba7 24. f4 Nd3 25. Rb1 Nf2+ 26. Kh2 Qd7 27. Rxf2 Bxf2
28. Rf1 Bd4 29. Nf3 Ba7 30. Ng5 Qb7 31. e5 Bf5 32. Qc1 Nd7 33. e6 fxe6 34. dxe6
Nf6 35. Bxc4 Qxb2 36. Qxb2 Rxb2 37. Bb3 Rc8 38. Na4 Rf2 39. Rxf2 Bxf2 40. Nf7
Bc2 41. Bg5 Bxb3 42. axb3 Ne4 43. g4 Bg3+ 44. Kg2 Nxg5 45. fxg5 Be1 46. Nb6 Rb8
47. Nd5 Kf8 48. Kf1 Ba5 49. Kg2 Rxb3 50. h4 Rb2+ 51. Kf3 Rh2 52. Kg3 Re2 53.
Nf4 Be1+ 54. Kf3 Rf2+ 55. Ke4 Bd2 56. Nd5 Rh2 57. h5 gxh5 58. gxh5 Rxh5 59. Kf5
Rh1 60. Ke4 a5 61. Kd3 0-1

[Event "37. WGM March 8th"]
[Site "Belgrado SCG"]
[Date "2005.03.10"]
[Round "5.2"]
[White "Chelushkina, Irina"]
[Black "Petrovic, Marija"]
[Result "1/2-1/2"]
[WhiteElo "2369"]
[BlackElo "2221"]
[PlyCount "106"]
[EventDate "2005.03.06"]
[EventType "tourn"]
[EventRounds "9"]
[Source "lmi"]
[SourceDate "2005.03.15"]

1. g3 g6 2. Bg2 Bg7 3. d4 d6 4. e4 Nf6 5. Ne2 Nbd7 6. Nbc3 c5 7. dxc5 Nxc5 8.
e5 dxe5 9. Qxd8+ Kxd8 10. Be3 Ncd7 11. h3 a6 12. O-O-O Kc7 13. g4 e6 14. g5 Ne8
15. Ne4 Bf8 16. f4 exf4 17. Bxf4+ e5 18. Bg3 Nd6 19. Nxd6 Bxd6 20. Nc3 f5 21.
gxf6 Nxf6 22. Bh4 Nh5 23. Nd5+ Kb8 24. Nb6 Bc7 25. Nxa8 Kxa8 26. Bf3 Nf4 27.
Bg4 Bf5 28. Bg5 Ne6 29. Be3 h5 30. Be2 g5 31. Bd3 e4 32. Bc4 Nf4 33. h4 b5 34.
Bd5+ Kb8 35. hxg5 Bg4 36. Rd2 Bf3 37. Rf1 Nxd5 38. Rxd5 h4 39. g6 Rg8 40. Rf5
Rxg6 41. Bf4 Bxf4+ 42. Rxf4 Rh6 43. Rf2 h3 44. Rh2 Kc7 45. Kd2 Bg2 46. Rg4 Rf6
47. Rgxg2 hxg2 48. Rxg2 Kc6 49. Ke3 Kd5 50. Rg5+ Kc4 51. Rg8 Rc6 52. Re8 Kd5
53. Rd8+ Ke5 1/2-1/2

[Event "37. WGM March 8th"]
[Site "Belgrado SCG"]
[Date "2005.03.10"]
[Round "5.3"]
[White "Stojanovic, Marija"]
[Black "Drljevic, Ljilja"]
[Result "1/2-1/2"]
[WhiteElo "2182"]
[BlackElo "2189"]
[PlyCount "30"]
[EventDate "2005.03.06"]
[EventType "tourn"]
[EventRounds "9"]
[Source "lmi"]
[SourceDate "2005.03.15"]

1. e4 e5 2. Nf3 Nc6 3. Bb5 a6 4. Ba4 Nf6 5. O-O b5 6. Bb3 Be7 7. Re1 O-O 8. c3
d6 9. h3 Na5 10. Bc2 c5 11. d4 Qc7 12. Nbd2 Re8 13. Nf1 Bf8 14. d5 g6 15. b3
Bg7 1/2-1/2

[Event "37. WGM March 8th"]
[Site "Belgrado SCG"]
[Date "2005.03.10"]
[Round "5.4"]
[White "Olarasu, Gabriela"]
[Black "Dimitrijevic, Aleksandra"]
[Result "1/2-1/2"]
[WhiteElo "2327"]
[BlackElo "2295"]
[PlyCount "25"]
[EventDate "2005.03.06"]
[EventType "tourn"]
[EventRounds "9"]
[Source "lmi"]
[SourceDate "2005.03.15"]

1. d4 d5 2. c4 c6 3. Nc3 Nf6 4. e3 g6 5. b3 Bg7 6. Bb2 O-O 7. Be2 Re8 8. Rc1
Nbd7 9. Nf3 a6 10. a4 b6 11. O-O Bb7 12. cxd5 cxd5 13. b4 1/2-1/2

[Event "37. WGM March 8th"]
[Site "Belgrado SCG"]
[Date "2005.03.10"]
[Round "5.5"]
[White "Petrenko, Svetlana"]
[Black "Semenova, Irina"]
[Result "1-0"]
[WhiteElo "2364"]
[BlackElo "2303"]
[PlyCount "131"]
[EventDate "2005.03.06"]
[EventType "tourn"]
[EventRounds "9"]
[Source "lmi"]
[SourceDate "2005.03.15"]

1. e4 e5 2. Nf3 Nc6 3. Bc4 Nf6 4. d3 h6 5. c3 d6 6. Nbd2 g6 7. Nf1 Bg7 8. Ng3
O-O 9. O-O Bg4 10. h3 Bd7 11. Bb3 Nh7 12. Bd2 Kh8 13. Qc1 h5 14. Ng5 Qe8 15. f4
exf4 16. Nxh7 Kxh7 17. Bxf4 Ne7 18. Qd1 f6 19. d4 h4 20. Nh1 g5 21. Bd2 Qg6 22.
Nf2 Rae8 23. Bc4 Kh8 24. Be2 Rd8 25. Bh5 Qh7 26. Be2 Be8 27. Bd3 Bg6 28. Qc2 c5
29. d5 b5 30. Bxb5 Nxd5 31. Qa4 Nc7 32. Bc6 d5 33. Be3 dxe4 34. Bxc5 Rf7 35.
Bxe4 Ne6 36. Be3 f5 37. Qc4 Re7 38. Bd5 f4 39. Bxa7 Nc7 40. Bf3 Bf7 41. Qc5
Rdd7 42. Rad1 Ne6 43. Qc8+ Qg8 44. Qxg8+ Bxg8 45. Bb6 Nf8 46. Bc5 Rxd1 47. Rxd1
Re8 48. Bd4 Bxa2 49. Bxg7+ Kxg7 50. Ne4 Bb3 51. Rd6 Re5 52. Nd2 Be6 53. Kf2 Ng6
54. Be4 Nf8 55. b4 Kf6 56. c4 Ke7 57. c5 Nd7 58. Rd4 Nf6 59. Bd3 Re3 60. Bc4
Bf5 61. c6 Rc3 62. b5 Rc2 63. Ke1 Rc1+ 64. Ke2 Nh5 65. Ne4 Rc2+ 66. Kf3 1-0